Normal view
MARC view
Entry Topical Term
001 - CONTROL NUMBER
- control field: 29828
003 - CONTROL NUMBER IDENTIFIER
- control field: OSt
005 - DATE AND TIME OF LATEST TRANSACTION
- control field: 20220214155110.0
008 - FIXED-LENGTH DATA ELEMENTS
- fixed length control field: 220214|| aca||aabn | a|a d
040 ## - CATALOGING SOURCE
- Original cataloging agency: OSt
- Transcribing agency: OSt
150 ## - HEADING--TOPICAL TERM
- Topical term or geographic name entry element: Growth, Export, India, Co-integration test, Granger causality test.
670 ## - SOURCE DATA FOUND
- Source citation: Work cat.: (OSt): Das, Samir Kumar Behera, Minaketan 29827, Export lead growth hypothesis (ELGH): Co-integration and causality analysis for India
